Paediatrics : Crash Course (Record no. 84975)

MARC details
000 -LEADER
fixed length control field 00719nam a22002412 4500
001 - CONTROL NUMBER
control field 99295076102419
003 - CONTROL NUMBER IDENTIFIER
control field CBULib
005 - DATE AND TIME OF LATEST TRANSACTION
control field 20240503125600.0
008 - FIXED-LENGTH DATA ELEMENTS--GENERAL INFORMATION
fixed length control field 240503b |||||||| |||| 00| 0 eng d
010 ## - LIBRARY OF CONGRESS CONTROL NUMBER
LC control number 9780723436355 (pbk.) :
035 ## - SYSTEM CONTROL NUMBER
System control number (WlAbNL)6611814-44whelf_nlw
035 ## - SYSTEM CONTROL NUMBER
System control number (WlAbNL)vtls006611814
035 ## - SYSTEM CONTROL NUMBER
System control number (WlAbNL)(Uk)016251705
035 ## - SYSTEM CONTROL NUMBER
System control number (WlAbNL)(StEdALDL)1/2939086
035 ## - SYSTEM CONTROL NUMBER
Canceled/invalid control number (WlAbNL_BNB)GBB303185
040 ## - CATALOGING SOURCE
Transcribing agency CbuLib
100 ## - MAIN ENTRY--PERSONAL NAME
Personal name 20121204d2013 uy| 0
210 #1 - ABBREVIATED TITLE
Abbreviated title Edinburgh :
245 ## - TITLE STATEMENT
Title Paediatrics : Crash Course
300 ## - PHYSICAL DESCRIPTION
Extent Previous edition: published as by Shyam Bhakthavalsala. 2008.
700 ## - ADDED ENTRY--PERSONAL NAME
Personal name Kapoor
Numeration Rajat
Date of a work 1978-
942 ## - ADDED ENTRY ELEMENTS (KOHA)
Source of classification or shelving scheme
Koha item type MONOGRAPH
Edition 4th ed
Suppress in OPAC No
Holdings
Withdrawn status Lost status Source of classification or shelving scheme Damaged status Not for loan Collection code Home library Current library Shelving location Date acquired Inventory number Total Checkouts Total Renewals Barcode Date last seen Date last checked out Price effective from Koha item type
          Medical Library Collection CBU-SCHOOL OF MEDICINE LIBRARY, NDOLA. CBU-SCHOOL OF MEDICINE LIBRARY, NDOLA. General Stacks 05/03/2024 RJ 48 Pha 3 1 902858 10/08/2024 09/23/2024 05/03/2024 MONOGRAPH